000 00353cam a22001217a 4500
008 180718b1959 xxu||||| |||| 00| 0 eng d
082 _aT41 B657
100 _aBotha, D.J.
245 _aA study in the theory of monetary equilibrium: a comparative analysis
_cby D.J. Botha
260 _aLeiden
_bStenfert Kroese
_c1959
300 _a192p.
650 _aMoney
999 _c360633
_d360633